Kriminalistická príručka zväzok 2 terminologická a obrazová časť ; spracoval kolektív pracovníkov Kriminalistického ústavu Verejnej bezpečnosti

Bibliographic Details
Format: Book
Language:Slovak
PhysicalDescription:784 s. 14 cm
Published: Praha Kriminalistický ústav verejnej bezpečnosti 1987
Subjects:

MARC

LEADER 00000nam a2200000 a 4500
001 vtls001327286
003 SK-MaSNL
005 20260301005615.0
008 251104s1987 xr a f f 000 0 slo
015 |a SNBA1987/09 
020 |q (brožované) 
035 |a SNK000280082 
035 |a urn:nbn:sk:snk-am3icjo 
035 |a urn:nbn:sk:snk-am00e3fw 
035 |a 5515F2F6-6522-4B82-A1F6-700F373B0536 
040 |a SNK  |b slo  |c SNK  |e AACR2 
041 0 |a slo 
044 |a xr  |c CZ 
080 |a 343.98  |2 1981 
080 |a 343.9  |2 2011 
080 |a (035)  |2 2011 
245 0 0 |a Kriminalistická príručka  |n zväzok 2  |p terminologická a obrazová časť ; spracoval kolektív pracovníkov Kriminalistického ústavu Verejnej bezpečnosti 
260 |a Praha  |b Kriminalistický ústav verejnej bezpečnosti  |c 1987 
300 |a 784 s.  |c 14 cm 
650 0 7 |a kriminalistika  |2 SNKPH  |9 1688 
655 7 |a príručky  |2 SNKPH  |9 74364 
954 |a odborná, vedecká literatúra pôvodná (slovenská)  |2 lita 
958 |a EUIPO 
958 |a OND 
958 |a TL 
999 |c 545673  |d 547603 
952 |t P60, <03>, [BOOK], {603}  |a SNK  |b SNK  |y PREZ  |7 0  |p 17A0264743  |o snkSE 9933/2  |i snkD 58/2001  |0 0  |1 0  |4 0  |d 2001-01-10  |f 1  |l 0  |r 2005-01-02 00:00:00  |w 2026-02-23 
952 |t P60, <04>, [BOOK], {604}  |a SNK  |b SNK  |y VYP  |7 0  |p 17A0264736  |o snkSE 9933/2 D1  |i snkD 59/2001  |0 0  |1 0  |4 0  |d 2001-01-10  |l 0  |r 2005-01-02 00:00:00  |w 2026-02-23